=LDR 00000nam 2200000 4500 =001 INLIS000000000810363 =005 20251201085334 =035 ##$$a 0010-1225000001 =007 ta =008 251201###########################0#ara## =020 ##$$a 6287015574236 =082 ##$$a 297.1227 =084 ##$$a 297.1227 SAD t =245 ##$$a Taisir Karimur rahman fii tafsir kalam al manan /$c Syaikh Abdurrahman bin Nasir as-Sa'di =260 ##$$a Saudi Arabia :$b Dar Ibnul Jauzi - Saudi,$c 1439 H =300 ##$$a 1109 Hlm ; $c 24 cm =520 ##$$a Tafsir Al-Qur’an berdasarkan pendekatan tahlili dengan gaya bahasa ringkas, mudah dipahami, dan moderat